| Tag |
First Indicator |
Second Indicator |
Subfields |
| LEADER |
00000pam a2200000 i 4500 |
| 001 |
in00000051821 |
| 005 |
20151007074029.0 |
| 008 |
780414s1978 njua b 00110ceng |
| 010 |
|
|
|a 77089646
|
| 020 |
|
|
|a 0498021637 :
|c $19.95
|
| 035 |
|
|
|a (OCoLC)03869405
|
| 035 |
|
|
|9 AAF0815AM
|
| 040 |
|
|
|a DLC
|c DLC
|d TXA
|d UtOrBLW
|
| 043 |
|
|
|a n-us---
|
| 049 |
|
|
|a TXAM [Also in] [Sp Coll]
|c 1 [1187927]
|a TXAS
|c 2 [1700115]
|
| 050 |
0 |
0 |
|a PN1995.9.W4
|b R67
|
| 082 |
0 |
|
|a 791.43/0909/32
|
| 100 |
1 |
|
|a Rothel, David,
|d 1936-
|
| 245 |
1 |
4 |
|a The singing cowboys /
|c David Rothel.
|
| 264 |
|
1 |
|a South Brunswick, [N.J.] :
|b A. S. Barnes,
|c [1978]
|
| 264 |
|
4 |
|c ©1978
|
| 300 |
|
|
|a 272 pages :
|b illustrations ;
|c 29 cm.
|
| 336 |
|
|
|a text
|b txt
|2 rdacontent
|
| 337 |
|
|
|a unmediated
|b n
|2 rdamedia
|
| 338 |
|
|
|a volume
|b nc
|2 rdacarrier
|
| 504 |
|
|
|a Bibliography: pages 264-265.
|
| 504 |
|
|
|a Includes filmographies and indexes.
|
| 650 |
|
0 |
|a Western films
|x History and criticism.
|
| 650 |
|
0 |
|a Cowboys
|v Songs and music.
|
| 650 |
|
0 |
|a Motion picture actors and actresses
|z United States
|v Biography.
|
| 650 |
|
0 |
|a Country musicians
|z United States
|v Biography.
|
| 999 |
|
|
|a MARS
|
| 999 |
f |
f |
|s b89fdb06-e8f0-3d8a-b055-ccf95afdae18
|i 54682eac-8730-37af-93b6-6d358182f3ba
|t 0
|
| 952 |
f |
f |
|p noncirc
|a Texas A&M University
|b College Station
|c Cushing Memorial Library & Archives
|d Cushing: Dykes (Does not check out)
|t 0
|e PN1995.9.W4 R67
|h Library of Congress classification
|i unmediated -- volume
|m A14851756610
|
| 952 |
f |
f |
|p ric
|a Texas A&M University
|b Rellis Campus
|c Joint Library Facility
|d Remote Storage
|t 0
|e PN1995.9.W4 R67
|h Library of Congress classification
|i unmediated -- volume
|m A14803691213
|
| 998 |
f |
f |
|a PN1995.9.W4 R67
|t 0
|l Remote Storage
|
| 998 |
f |
f |
|a PN1995.9.W4 R67
|t 0
|l Cushing: Dykes (Does not check out)
|